|
|
|
|
| LEADER |
01025nam a22002777a 4500 |
| 001 |
35958 |
| 003 |
BD-DhAAL |
| 005 |
20211206111210.0 |
| 008 |
200105r20032002si a|||| |||| 00| 0 eng d |
| 999 |
|
|
|c 42117
|d 42117
|
| 020 |
|
|
|a 9810182031
|
| 020 |
|
|
|a 9789810182038
|
| 040 |
|
|
|a BD-DhAAL
|
| 082 |
|
|
|a 510
|2 23
|
| 100 |
|
|
|a Kheong, Fong Ho
|9 38803
|
| 245 |
|
|
|a Maths.
|n 2B,
|b pupil's book /
|c Fong Ho Kheong; Chelvi Ramakrishnan; Michelle Choo
|
| 260 |
|
|
|a Singapore :
|b Times Media,
|c 2002 [reprinted 2003]
|
| 300 |
|
|
|a 120 pages :
|b illustrations ;
|c 26 cm
|
| 526 |
|
|
|a BIED
|
| 541 |
|
|
|a Complimentary copy from BIED
|e 35958
|
| 650 |
|
|
|a Mathematics.
|9 35780
|
| 700 |
|
|
|a Ramakrishnan, Chelvi
|9 38804
|
| 700 |
|
|
|a Choo, Michelle
|9 38805
|
| 852 |
|
|
|a Ayesha Abed Library
|b BIED Collection
|
| 942 |
|
|
|2 ddc
|c BK
|
| 952 |
|
|
|0 0
|1 0
|2 ddc
|4 0
|6 510_000000000000000_KHE
|7 0
|9 67665
|a BRACUL
|b BRACUL
|c GEN
|d 2020-01-05
|e Complimentary copy from BIED
|l 0
|o 510 KHE
|p 3010035958
|r 2020-01-05
|t 1
|w 2020-01-05
|y BK
|x Transferred from BIED to General Stacks
|